All Florentino Perez's Real Madrid signings - Statistics

General Stats
  • This quiz has been taken 52 times
  • The average score is 65 of 93
Answer Stats
Year Fee Previous Club Player % Correct
2009 €94M Manchester United Cristiano Ronaldo
98%
2000 €60M Barcelona Luis Figo
98%
2002 €45M Inter Ronaldo
98%
2019 €115M Chelsea Eden Hazard
93%
2021 €31M Rennes Eduardo Camavinga
93%
2013 €100M Tottenham Hotspur Gareth Bale
93%
2023 €103M Borussia Dortmund Jude Bellingham
93%
2019 €45M Santos Rodrygo
93%
2005 €27M Sevilla Sergio Ramos
93%
2018 €45M Flamengo Vinicius Junior
93%
2010 €25M Benfica Angel Di Maria
90%
2021 Free Bayern Munich David Alaba
90%
2024 €60M Palmeiras Endrick
90%
2013 €30M Malaga Isco
90%
2009 €35M Lyon Karim Benzema
90%
2012 €30M Tottenham Hotspur Luka Modric
90%
2022 Free Chelsea Antonio Rudiger
88%
2022 €80M AS Monaco Aurelien Tchouameni
88%
2018 €35M Chelsea Thibaut Courtois
88%
2014 €25M Bayern Munich Toni Kroos
88%
2023 €20M Fenerbahce Arda Guler
86%
2003 €35M Manchester United David Beckham
86%
2019 €48M Lyon Ferland Mendy
86%
2009 €67M Milan Kaka
86%
2024 Free Paris Saint-Germain Kylian Mbappe
86%
2001 €72M Juventus Zinedine Zidane
86%
2010 €15M Werder Bremen Mesut Ozil
83%
2004 €12M Liverpool Michael Owen
83%
2017 €24M Atletico Madrid Theo Hernandez
83%
2009 €35+5M Liverpool Xabi Alonso
83%
2019 €17M Manchester City Brahim Diaz
81%
2013 €6M Sao Paulo Casemiro
81%
2013 €6.5M Bayer Leverkusen Dani Carvajal
81%
2023 €5M Rayo Vallecano Fran Garcia
81%
2014 €76M Monaco James Rodriguez
81%
2014 Loan Manchester United Javier Hernandez
81%
2023 Loan Espanyol Joselu
81%
2024 €1.5M Espanyol Joselu
81%
2016 €30M Juventus Alvaro Morata
79%
2017 €16.5M Real Betis Dani Ceballos
79%
2019 €50M Porto Eder Militao
79%
2019 €60M Eintracht Frankfurt Luka Jovic
79%
2010 €12M VfB Stuttgart Sami Khedira
79%
2018 €8.5M Zora Luhansk Andriy Lunin
76%
2011 €30M Benfica Fabio Coentrao
76%
2015 €3.5M Mallorca Marco Asensio
76%
2011 €10M Lens Raphael Varane
76%
2010 €8M Chelsea Ricardo Carvalho
76%
2005 €25M Santos Robinho
76%
2009 €4.5M Liverpool Alvaro Arbeloa
74%
2023 Loan Chelsea Kepa Arrizabalaga
74%
2014 €10M Levante Keylor Navas
74%
2015 €29M Inter Mateo Kovacic
74%
2004 €20M Newcastle United Jonathan Woodgate
71%
2015 €1M Espanyol Lucas Vazquez
71%
2018 €30M Real Sociedad Alvaro Odriozola
69%
2012 Loan Chelsea Michael Essien
69%
2005 €4.5M Osasuna Pablo Garcia
67%
2009 €15M Valencia Raul Albiol
67%
2015 €31.5M Porto Danilo
64%
2012 €4M Sevilla Diego Lopez
64%
2000 €14M Celta Vigo Claude Makelele
62%
2015 €5M Real Zaragoza Jesus Vallejo
62%
2011 €10M Borussia Dortmund Nuri Sahin
62%
2020 €30M Flamengo Reinier
62%
2013 €32.2M Real Sociedad Asier Illaramendi
60%
2011 Loan Manchester City Emmanuel Adebayor
60%
2020 Free Malaga Hugo Vallejo
60%
2019 €2M Loan Paris Saint-Germain Alphonse Areola
57%
2015 €6M Espanyol Kiko Casilla
57%
2004 €24M Roma Walter Samuel
57%
2015 €14M Cruzeiro Lucas Silva
55%
2018 €23M Lyon Mariano
55%
2009 €4.5M Getafe Esteban Granero
52%
2005 €3.5M Everton Thomas Gravesen
52%
2006 €5.5M Roma Antonio Cassano
50%
2006 €8M Sao Paulo Cicinho
50%
2000 €4M Atletico Madrid Santiago Solari
50%
2002 Free River Plate Esteban Cambiasso
48%
2011 Free Bayern Munich Hamit Altintop
48%
2005 €20M Sevilla Julio Baptista
48%
2010 €10M Getafe Pedro Leon
48%
2011 €5M Espanyol Jose Callejon
45%
2010 €4.5M Racing Santander Sergio Canales
45%
2009 €5M Almeria Alvaro Negredo
38%
2000 €12M Racing Santander Pedro Munitis
38%
2000 €25M Deportivo Flavio Conceicao
36%
2000 Free Celta Vigo Albert Celades
31%
2005 €6M River Plate Carlos Diogo
26%
2000 €7M Valladolid Cesar
26%
2018 €4M Eintracht Frankfurt Omar Mascarell
19%
2019 €2.5M Real Zaragoza Alberto Soro
14%
2018 €1.7M Osasuna Lucas Torro
14%
No matching quizzes found
Score Distribution
Percent of People with Each Score
Percentile by Number Answered
Your Score History
You have not taken this quiz